Welcome to hell

Bibliographic Details
Main Author: Martin, Colin
Format: Book
Published: Ireland : Maverick House Publisher , 2006
Subjects:

MARC

LEADER 00000cam a2200000 7i4500
001 0000018314
005 20080605.0
008 080604
020 |a 9810549784 
090 0 0 |a MAR   |b ENG 
100 1 |a Martin, Colin 
245 1 0 |a Welcome to hell   |c Colin Martin 
260 |a Ireland :   |b Maverick House Publisher ,   |c 2006 
650 0 |a False imprisonment   |x thailand bangkok 
650 0 |a Irish   |x Thailand   |x Bangkok   |x biography 
650 0 |a Judicial error   |x Thailand   |x Bangkok 
650 0 |a Prisioners   |x Thailand   |x Bangkok   |x biography 
999 |a 0001019271   |b Book   |c Adult Collection   |e Perbadanan Perpustakaan Awam Johor 
999 |a 0001019273   |b Book   |c Adult Collection   |e Perbadanan Perpustakaan Awam Johor